Prečo nebol v parlamente Premiér položil základný kameň rómskej osady v Nálepkove

Podrobná bibliografia
Hlavný autor: Dulin, Ján (Autor)
Médium: Článok
Jazyk:slovenčina
Predmet:

MARC

LEADER 00000nab a2200000 a 4500
001 vtls001018754
003 SK-MaSNL
005 20260303035507.0
008 040720e19950907xo 0 slo
035 |a SN4694 
040 |a SNSK  |b slo  |c SNSK  |e AACR2 
041 0 |a slo 
044 |a xo  |c SK 
080 |a 397  |2 1981 
080 |a 328  |2 1981 
100 1 |a Dulin, Ján  |4 aut  |9 274646 
245 1 0 |a Prečo nebol v parlamente  |b Premiér položil základný kameň rómskej osady v Nálepkove 
590 |a Mečiar, Vladimír 
600 1 7 |a Mečiar, Vladimír,  |d 1942-   |2 SNSK  |9 10144 
650 0 7 |a vnútorná politika  |2 SNSK  |9 970 
650 0 7 |a kameň základný  |2 SNSK  |9 1016836 
650 0 7 |a položenie  |2 SNSK  |9 879239 
650 0 7 |a osady modelové rómske  |2 SNSK  |9 1022306 
650 0 7 |a články informačné  |2 SNSK  |9 1017188 
651 7 |a Nálepkovo (Slovensko)  |2 SNSK  |9 56242 
651 7 |a SN,  |2 SNSK  |9 1021277 
655 7 |a periodikum  |2 snkbucl  |9 29553 
773 0 8 |t Pravda  |g Roč. 5, č.207, 7.9.1995, s. 1-2 
852 |a ZVYKNI  |b KIS3GCP 
999 |c 1677813  |d 1679743